000 00534nam a2200181 i 4500
001 69662
003 ES-MaACL
005 20230906170555.0
007 t|
008 040708s1981 sp ||||1| spa d
020 _a84-300-5296-3
100 1 _aGarcía Fuentes, Antonio.
_954624
245 1 0 _aMonólogos en la radio /
_cAntonio García Fuentes.
260 _aJaén :
_bAntonio García Fuentes,
_c1981.
300 _a235 p. :
_bretr. aut. ;
_c23 cm.
852 _aES-MaACL
_jL-6034
_bR.106408
852 _aES-MaACL
_jG-1738
_bR.114566
999 _c69662
_d69662